The pastor's ministry : (Record no. 8837)

MARC details
000 -LEADER
fixed length control field 01919cam a2200325 i 4500
001 - CONTROL NUMBER
control field 882191387
003 - CONTROL NUMBER IDENTIFIER
control field OCoLC
005 - DATE AND TIME OF LATEST TRANSACTION
control field 20241126110659.0
008 - FIXED-LENGTH DATA ELEMENTS--GENERAL INFORMATION
fixed length control field 141203s2015 miu b 000 0 eng
010 ## -
-- 2014035217
020 ## - INTERNATIONAL STANDARD BOOK NUMBER
International Standard Book Number 9780310516590
Qualifying information (softcover)
020 ## - INTERNATIONAL STANDARD BOOK NUMBER
International Standard Book Number 0310516595
Qualifying information (softcover)
035 ## - SYSTEM CONTROL NUMBER
System control number (OCoLC)882191387
040 ## - CATALOGING SOURCE
Original cataloging agency DLC
Language of cataloging eng
Description conventions rda
Transcribing agency DLC
Modifying agency BTCTA
-- BDX
-- OCLCF
-- YDXCP
-- AUTTC
-- CNTCS
-- OCLCQ
-- T3V
042 ## -
-- pcc
050 00 -
-- BS2545.P45
-- C76 2015
082 00 - DEWEY DECIMAL CLASSIFICATION NUMBER
Classification number 253
Edition information 23
Item number CRO
100 1# - MAIN ENTRY--PERSONAL NAME
Personal name Croft, Brian.
9 (RLIN) 15540
245 14 - TITLE STATEMENT
Title The pastor's ministry :
Remainder of title biblical priorities for faithful shepherds /
Statement of responsibility, etc. Brian Croft ; foreword by H.B. Charles Jr.
264 #1 - PRODUCTION, PUBLICATION, DISTRIBUTION, MANUFACTURE, AND COPYRIGHT NOTICE
Place of production, publication, distribution, manufacture Grand Rapids, Michigan :
Name of producer, publisher, distributor, manufacturer Zondervan,
Date of production, publication, distribution, manufacture, or copyright notice [2015]
300 ## - PHYSICAL DESCRIPTION
Extent 185 pages ;
Dimensions 21 cm
336 ## - CONTENT TYPE
Content type term text
Content type code txt
Source rdacontent
337 ## - MEDIA TYPE
Media type term unmediated
Media type code n
Source rdamedia
338 ## - CARRIER TYPE
Carrier type term volume
Carrier type code nc
Source rdacarrier
504 ## - BIBLIOGRAPHY, ETC. NOTE
Bibliography, etc. note Includes bibliographical references.
505 0# - FORMATTED CONTENTS NOTE
Formatted contents note Foundation -- Guard the truth -- Preach the word -- Pray for the flock -- Focus -- Set an example -- Visit the sick -- Comfort the grieving -- Care for widows -- Faithfulness -- Confront sin -- Encourage the weaker brother or sister -- Identify and train leaders.
520 ## - SUMMARY, ETC.
Summary, etc. Every pastor struggles with demands for his time, and how to determine priorities in ministry. Some choose to respond to the most urgent needs, while others seek a more balanced and intentional approach. But what determines these priorities? Where should a busy pastor look for wisdom in making decisions? In the Pastor's Ministry, pastor and author Brian Croft looks to the Scriptures to determine the top ten priorities for a faithful pastoral ministry. These biblically rooted responsibilities help pastors determine how to spend their time and with greater discernment respond to the demands of the church.
650 #0 - SUBJECT ADDED ENTRY--TOPICAL TERM
Topical term or geographic name entry element Pastoral theology
General subdivision Biblical teaching.
9 (RLIN) 15541
942 ## - ADDED ENTRY ELEMENTS (KOHA)
Source of classification or shelving scheme Dewey Decimal Classification
Koha item type Books
Koha issues (borrowed), all copies 5
Holdings
Withdrawn status Lost status Source of classification or shelving scheme Damaged status Not for loan Home library Current Library Shelving location Date acquired Total checkouts Total renewals Full call number Barcode Date last seen Date last checked out Copy number Price effective from Koha item type
    Dewey Decimal Classification     GRACE BIBLE COLLEGE GRACE BIBLE COLLEGE Ministry & Mission 2021-11-15 6 1 253 CRO 015318 2026-02-23 2026-02-19 c.1 2021-11-15 Books
© Grace Bible College Library 2025